• 首页
  • 本馆介绍
  • 公告通知
  • 最新文献
  • 馆藏检索
  • 电子资源
  • 读者导购
  • 参考咨询
  • 我的图书馆
  • 登录
  • 详细信息显示
  • 放入我的书架
  • 预约/预借图书
  • 作者相关作品
  • 分类相关作品
  • 丛书相关作品
  • 出版社相关作品

书目信息

  • 表格格式
  • 工作单格式
  • 卡片格式
题名:
明清武术古籍拳学论析
    
 
作者: 江百龙 , 林鑫海 主编
分册:  
出版信息: 北京   人民体育出版社  2008
页数: 334页
开本: 21cm
丛书名:
单 册:
中图分类: G852.1
科图分类:
主题词: 拳术--研究--中国--明清时代 , 拳术
电子资源:
ISBN: 978-7-5009-3463-9
000 01001nam0 2200253 45
001 1130676484
005 20110310094738.39
010    @a978-7-5009-3463-9@dCNY25.00
100    @a20110123d2008 em y0chiy50 ea
101 0  @achi
102    @aCN@b110000
105    @aa z 000yy
106    @ar
200 1  @a明清武术古籍拳学论析@AMing Qing Wu Shu Gu Ji Quan Xue Lun Xi@f江百龙,林鑫海主编@FJiang Bai Long, Lin Xin Hai Zhu Bian
210    @a北京@c人民体育出版社@d2008
215    @a334页@c图@d21cm
330    @a本书分为前言、导论与4部论著的拳学技理论析两大部分。第一部分对成书的目的、过程及明清武术论著馆藏的基本情况、成就特点、值得思考的相关问题进行了综合介绍;第二部分是对4部论著的作者、成书经过、内容结构、技理成就和学术特点进行了较为详尽的论述与分析。
606 0  @a拳术@x研究@y中国@z明清时代
606 0  @a拳术
690    @aG852.1@v4
701  0 @a江百龙@AJiang Bai Long@4主编
701  0 @a林鑫海@ALin Xin Hai@4主编
801  0 @aCN@bTANGWEI@c20110310
905    @b0531144-48@dG852.1@e184@f5
    
    明清武术古籍拳学论析/江百龙,林鑫海主编.-北京:人民体育出版社,2008
    334页:图;21cm
    
    
    ISBN 978-7-5009-3463-9:CNY25.00
    本书分为前言、导论与4部论著的拳学技理论析两大部分。第一部分对成书的目的、过程及明清武术论著馆藏的基本情况、成就特点、值得思考的相关问题进行了综合介绍;第二部分是对4部论著的作者、成书经过、内容结构、技理成就和学术特点进行了较为详尽的论述与分析。
●
相关链接 在E读中查询图书 在五车中查询图书 在当当中查询图书 在豆瓣中查询图书


正题名:明清武术古籍拳学论析     索取号:G852.1/184         预约/预借

序号 登录号 条形码 馆藏地/架位号 状态 备注
1 0531144   205311447   第一样本阅览室/ [索取号:G852.1/184] 在馆    
2 0531145   205311456   密集书库-体育系/ [索取号:G852.1/184] 在馆    
3 0531146   205311465   第四借阅区/ [索取号:G852.1/184] 在馆    
4 0531147   205311474   第四借阅区/ [索取号:G852.1/184] 在馆    
5 0531148   205311483   第四借阅区/ [索取号:G852.1/184] 在馆    
欢迎您!
大连网信软件有限公司© 版权所有